[Event "C.to Provinciale BI-VC"]
[Site "Valle Mosso ITA"]
[Date "2012.03.23"]
[Round "3"]
[White "Sgaggero, Marco"]
[Black "Saviano, Sabato"]
[Result "1-0"]
[WhiteElo "1344"]
[BlackElo "1731"]
[PlyCount "143"]
[EventDate "2012.03.02"]

1. e4 e6 2. Nf3 d5 3. exd5 exd5 4. d4 Bg4 5. Be2 Nf6 6. h3 Bh5 7. Nc3 Nc6 8.
Bf4 a6 9. Ne5 Bxe2 10. Nxe2 Nxe5 11. Bxe5 Bd6 12. Bxd6 Qxd6 13. Nc3 O-O 14. O-O
b5 15. a3 Rac8 16. b4 Qc6 17. Qf3 h6 18. Rfe1 Rcd8 19. Re2 Rfe8 20. Rd1 Rxe2
21. Nxe2 Qxc2 22. Nf4 Ne4 23. Nd3 Qc6 24. Rc1 Qd6 25. Ne5 Rf8 26. Rc6 Qe7 27.
Rxa6 Ng5 28. Qxd5 Rd8 29. Qc5 Qe8 30. Qc6 Qe7 31. Ra8 Rxa8 32. Qxa8+ Kh7 33. h4
Ne6 34. Qd5 Qxh4 35. Nxf7 Qg4 36. Ne5 Qf5 37. Qf3 Qb1+ 38. Kh2 Nxd4 39. Qe3 Nf5
40. Qd3 Qxd3 41. Nxd3 Nd4 42. Nc5 Nc2 43. Ne6 c6 44. g4 Nxa3 45. Nd4 Nc4 46.
Nxc6 Kg6 47. Kg3 Kf6 48. f4 g6 49. Nd4 Nd6 50. Kf3 h5 51. Kg3 hxg4 52. Kxg4 Kf7
53. Kg5 Ne4+ 54. Kg4 Nd6 55. Kg5 Kg7 56. Ne6+ Kf7 57. Nd8+ Kg7 58. Ne6+ Kf7 59.
Nd4 Kg7 60. f5 gxf5 61. Nxf5+ Nxf5 62. Kxf5 Kf7 63. Ke5 Ke7 64. Kd5 Kd7 65. Kc5
Kc7 66. Kxb5 Kb7 67. Kc5 Kc7 68. b5 Kb7 69. b6 Kc8 70. Kc6 Kb8 71. b7 Ka7 72.
Kc7 1-0

[Event "C.to Provinciale BI-VC"]
[Site "Valle Mosso ITA"]
[Date "2012.03.23"]
[Round "3"]
[White "Squara, Marco"]
[Black "Redamante, Marzio"]
[Result "1-0"]
[WhiteElo "1812"]
[BlackElo "1462"]
[PlyCount "81"]
[EventDate "2012.03.02"]

1. d4 d5 2. c4 e6 3. cxd5 exd5 4. Nc3 Nf6 5. Bg5 Be7 6. e3 c6 7. Bd3 Nbd7 8.
Nf3 O-O 9. Rb1 Re8 10. O-O Nf8 11. Bxf6 Bxf6 12. b4 Qd6 13. b5 Bd8 14. e4 Bg4
15. e5 Qh6 16. Be2 Ne6 17. bxc6 bxc6 18. Qa4 Nf4 19. Qd1 Bh3 20. Ne1 Qg6 21.
Bf3 Bf5 22. Rc1 Bg5 23. Ra1 Qh6 24. Ne2 Nxe2+ 25. Bxe2 Bf4 26. g3 Bg5 27. f4
Bd8 28. Nf3 Bh3 29. Rf2 Rb8 30. Bf1 Bf5 31. Nd2 Qg6 32. Nb3 h5 33. Be2 h4 34.
g4 Be4 35. h3 Bb6 36. Rc1 Qh6 37. Bd3 Bxd3 38. Qxd3 g5 39. fxg5 Qxg5 40. Rf5
Qg6 41. Qe3 1-0

[Event "C.to Provinciale BI-VC"]
[Site "Valle Mosso ITA"]
[Date "2012.03.23"]
[Round "3"]
[White "Tibaldeschi, Attilio"]
[Black "Santo, Sebastiano"]
[Result "1-0"]
[WhiteElo "1727"]
[BlackElo "1439"]
[PlyCount "41"]
[EventDate "2012.03.02"]

1. Nf3 g6 2. b3 Bg7 3. c3 c5 4. Bb2 d5 5. e3 Nf6 6. Be2 O-O 7. d4 Qc7 8. Nbd2
b6 9. Rc1 Nbd7 10. c4 Qb7 11. O-O Re8 12. Ne5 Nxe5 13. dxe5 Nd7 14. Nf3 e6 15.
Rc2 f6 16. Qa1 f5 17. Rd1 dxc4 18. Bxc4 b5 19. Be2 Qe4 20. Rcd2 Rd8 21. Ng5 1-0

[Event "C.to Provinciale BI-VC"]
[Site "Valle Mosso ITA"]
[Date "2012.03.30"]
[Round "4"]
[White "Bardone, Lorenzo"]
[Black "Tibaldeschi, Attilio"]
[Result "1-0"]
[WhiteElo "1845"]
[BlackElo "1727"]
[PlyCount "45"]
[EventDate "2012.03.02"]

1. e4 e5 2. Nf3 Nc6 3. Bb5 d6 4. d4 exd4 5. Nxd4 Bd7 6. Nc3 Nf6 7. O-O Be7 8.
Re1 a6 9. Bxc6 bxc6 10. Qd3 c5 11. Nf3 Be6 12. b3 h6 13. Bb2 Ng4 14. h3 Nf6 15.
Rad1 Nh5 16. Nd5 Rg8 17. e5 c6 18. Nxe7 Qxe7 19. exd6 Qb7 20. d7+ Kd8 21. Qd6
Nf6 22. Ne5 Bd5 23. Rxd5 1-0

[Event "C.to Provinciale BI-VC"]
[Site "Valle Mosso ITA"]
[Date "2012.03.30"]
[Round "4"]
[White "Redamante, Marzio"]
[Black "Rocchi, Enrico"]
[Result "0-1"]
[WhiteElo "1462"]
[BlackElo "1919"]
[PlyCount "100"]
[EventDate "2012.03.02"]

1. d4 Nf6 2. c4 g6 3. Nc3 d5 4. e3 Bg7 5. Nf3 O-O 6. Bd2 c5 7. dxc5 Na6 8. cxd5
Nxc5 9. Bc4 Qb6 10. b3 Nfe4 11. Rc1 Nxc3 12. Bxc3 Bxc3+ 13. Rxc3 Qa5 14. Qd4
Qxa2 15. O-O Qa5 16. d6 exd6 17. b4 Qc7 18. bxc5 dxc5 19. Qf6 a6 20. Ne5 b5 21.
Nxg6 hxg6 22. Qxg6+ Kh8 23. Qf6+ Kg8 24. Bd3 Qd8 25. Qh6 f5 26. Qg6+ Kh8 27. e4
Qf6 28. Qh5+ Kg7 29. Rxc5 Ra7 30. exf5 Re7 31. Rfc1 Bd7 32. Qg4+ Kf7 33. Qg6+
Qxg6 34. fxg6+ Kg7 35. h4 Rf4 36. g3 Rd4 37. Bb1 Rd2 38. R5c2 Rxc2 39. Bxc2 a5
40. Bd3 b4 41. Rc7 b3 42. Ra7 a4 43. f3 Kf6 44. Kf2 Be8 45. Ra6+ Re6 46. Rxe6+
Kxe6 47. h5 Kf6 48. Ke3 a3 49. h6 a2 50. h7 Kg7 0-1

[Event "C.to Provinciale BI-VC"]
[Site "Valle Mosso ITA"]
[Date "2012.03.30"]
[Round "4"]
[White "Robiolio, Giancarlo"]
[Black "Pedoni, Lorenzo"]
[Result "1/2-1/2"]
[WhiteElo "1577"]
[BlackElo "1389"]
[PlyCount "158"]
[EventDate "2012.03.02"]

1. c4 Nf6 2. g3 Nc6 3. Nc3 d6 4. Bg2 Bd7 5. Nf3 g6 6. a3 a5 7. b3 Bg7 8. Bb2
O-O 9. Na4 e5 10. c5 b5 11. cxb6 cxb6 12. Ng5 h6 13. Ne4 Nxe4 14. Bxe4 b5 15.
Nc3 b4 16. Nd5 Be6 17. axb4 axb4 18. Rxa8 Qxa8 19. Ne7+ Kh7 20. Nxc6 d5 21.
Bxg6+ fxg6 22. Nxe5 d4 23. Nf3 Bd5 24. O-O Bxf3 25. exf3 Qxf3 26. Qc2 Qe2 27.
Qc1 Qd3 28. Qd1 Rc8 29. Re1 Rc2 30. Bc1 Qxb3 31. h4 Qd3 32. Re7 Qc4 33. d3 Rxc1
34. dxc4 Rxd1+ 35. Kg2 Rc1 36. Rc7 b3 37. Rb7 Rxc4 38. Rxb3 Rc3 39. Rb7 h5 40.
Rd7 Kh6 41. f3 Rc2+ 42. Kf1 Ra2 43. g4 hxg4 44. fxg4 Kh7 45. Rd5 Ra3 46. Kg2 d3
47. Kf2 Bc3 48. Kf3 d2 49. Rd7+ Bg7+ 50. Ke2 Ra4 51. h5 Rxg4 52. hxg6+ Rxg6 53.
Kxd2 Rg2+ 54. Ke3 Rg4 55. Kf3 Ra4 56. Ke3 Kg6 57. Rd6+ Kf5 58. Rd5+ Ke6 59. Rh5
Kf6 60. Rd5 Bh6+ 61. Kd3 Ke6 62. Rd4 Ra3+ 63. Kc4 Ra4+ 64. Kd3 Ra1 65. Rh4 Rd1+
66. Ke2 Rd2+ 67. Kf3 Bg7 68. Re4+ Kd5 69. Re8 Kc6 70. Rg8 Ba1 71. Rg6+ Kd7 72.
Rg2 Rd6 73. Ke3 Re6+ 74. Kd3 Ra6 75. Kc4 Rc6+ 76. Kd5 Rd6+ 77. Kc4 Rd1 78. Ra2
Bd4 79. Rc2 Bg1 1/2-1/2

[Event "C.to Provinciale BI-VC"]
[Site "Valle Mosso ITA"]
[Date "2012.03.30"]
[Round "4"]
[White "Santo, Sebastiano"]
[Black "Caldi, Mario"]
[Result "0-1"]
[WhiteElo "1439"]
[BlackElo "1855"]
[PlyCount "74"]
[EventDate "2012.03.02"]

1. e4 e6 2. d4 d5 3. Nc3 dxe4 4. Nxe4 Be7 5. Nf3 Nd7 6. Bd3 Ngf6 7. O-O O-O 8.
c3 b6 9. Qc2 Bb7 10. Bg5 h6 11. Bxf6 Nxf6 12. Rae1 Rc8 13. Qe2 Nd5 14. Qd2 a5
15. a3 c5 16. c4 Nf6 17. Nxf6+ Bxf6 18. Be4 Ba6 19. b3 Bxd4 20. Rd1 e5 21. Bd5
Qc7 22. Rfe1 Rce8 23. Nh4 Kh8 24. Nf5 Kh7 25. Be4 Bb7 26. Nd6+ Bxe4 27. Nxe8
Qc6 28. Nd6 Bxg2 29. Qd3+ Kh8 30. Nf5 Bf3 31. Nxd4 exd4 32. Rd2 f5 33. Re5 Qg6+
34. Kf1 Qg2+ 35. Ke1 Qg1+ 36. Qf1 Qxh2 37. Rd3 Qxe5+ 0-1

[Event "C.to Provinciale BI-VC"]
[Site "Valle Mosso ITA"]
[Date "2012.03.30"]
[Round "4"]
[White "Sgaggero, Marco"]
[Black "Squara, Marco"]
[Result "1/2-1/2"]
[WhiteElo "1344"]
[BlackElo "1812"]
[PlyCount "58"]
[EventDate "2012.03.02"]

1. e4 c5 2. Nf3 Nc6 3. d4 cxd4 4. Nxd4 d6 5. Bb5 Bd7 6. Nc3 Nf6 7. h3 e6 8. Bg5
Be7 9. Nf3 Qc7 10. O-O O-O 11. Bf4 e5 12. Bg5 Be6 13. Qd2 Rad8 14. Rad1 Qa5 15.
Bxf6 Bxf6 16. Qd3 Nd4 17. Nxd4 exd4 18. Nd5 Bxd5 19. exd5 Qxa2 20. Rfe1 Qxb2
21. Rb1 Qc3 22. Qe4 g6 23. Rb3 Qc7 24. Qe2 a6 25. Bd3 Qd7 26. Reb1 b5 27. Ra3
Qb7 28. Ra4 Rfe8 29. Qd1 Ra8 1/2-1/2

[Event "C.to Provinciale BI-VC"]
[Site "Valle Mosso ITA"]
[Date "2012.03.30"]
[Round "4"]
[White "Siclari, Giovanni"]
[Black "Avetta, Gianmario"]
[Result "0-1"]
[WhiteElo "1956"]
[BlackElo "1879"]
[PlyCount "106"]
[EventDate "2012.03.02"]

1. Nf3 d5 2. d4 Nf6 3. c4 c6 4. e3 e6 5. b3 Nbd7 6. Nbd2 Bd6 7. Bb2 O-O 8. Bd3
Re8 9. Ne5 Qc7 10. f4 b6 11. O-O Bb7 12. Rc1 Rac8 13. e4 dxe4 14. Nxe4 Nxe4 15.
Bxe4 Nf6 16. Bf3 c5 17. Bxb7 Qxb7 18. Qe2 Qe4 19. Rce1 Qb7 20. Nd3 cxd4 21.
Bxd4 Nd7 22. Qg4 Bf8 23. f5 exf5 24. Qxf5 Nc5 25. Ne5 Re7 26. Ng4 Rc6 27. Qf3
Rce6 28. Qxb7 Nxb7 29. Kf2 Re4 30. Rxe4 Rxe4 31. Nf6+ gxf6 32. Bxf6 Rf4+ 33.
Ke2 Rxf1 34. Kxf1 Bg7 35. Be7 Be5 36. h3 f6 37. Ke2 Kf7 38. Bb4 Ke6 39. g4 Nd6
40. a4 Ne4 41. a5 Nc5 42. axb6 axb6 43. Bxc5 bxc5 44. Ke3 Bc3 45. Ke4 Be1 46.
Kf4 h6 47. Ke4 Bg3 48. Kf3 Bh4 49. Kf4 Bg5+ 50. Ke4 Kd6 51. Kf5 Kc6 52. Ke6 Kb6
53. Kd6 Be3 0-1

[Event "C.to Provinciale BI-VC"]
[Site "Valle Mosso ITA"]
[Date "2012.03.30"]
[Round "4"]
[White "Ubezio, Marco"]
[Black "Migliorini, Matteo"]
[Result "1/2-1/2"]
[WhiteElo "2132"]
[BlackElo "1970"]
[PlyCount "54"]
[EventDate "2012.03.02"]

1. d4 Nf6 2. Bg5 d5 3. e3 c5 4. c3 Qb6 5. Qb3 c4 6. Qxb6 axb6 7. Nd2 Bf5 8. f3
e6 9. e4 Bg6 10. exd5 exd5 11. Nh3 Nbd7 12. Nf4 Bd6 13. g3 O-O 14. Nxg6 fxg6
15. Bh3 Rae8+ 16. Kf2 Nb8 17. Bxf6 gxf6 18. Rhe1 f5 19. f4 Nd7 20. Rxe8 Rxe8
21. Re1 Rxe1 22. Kxe1 Nf6 23. Nf1 Kf7 24. Ne3 b5 25. Bg2 Ke6 26. a3 h5 27. Bf3
h4 1/2-1/2

[Event "C.to Provinciale BI-VC"]
[Site "Valle Mosso ITA"]
[Date "2012.03.30"]
[Round "4"]
[White "Zannoni, Gianni"]
[Black "Isoardi, Luigi"]
[Result "0-1"]
[WhiteElo "1818"]
[BlackElo "1808"]
[PlyCount "84"]
[EventDate "2012.03.02"]

1. e4 c6 2. d4 d5 3. Nc3 dxe4 4. Nxe4 Bf5 5. Ng3 Bg6 6. h4 h6 7. h5 Bh7 8. Nf3
Nd7 9. Bd3 Bxd3 10. Qxd3 Ngf6 11. c4 e6 12. Bf4 Bb4+ 13. Ke2 Ba5 14. Rhd1 Bc7
15. Bxc7 Qxc7 16. Kf1 Rd8 17. Qa3 a6 18. Rac1 Qb6 19. Re1 c5 20. d5 O-O 21.
dxe6 fxe6 22. Re2 Rde8 23. Rce1 Qc7 24. Rxe6 Rxe6 25. Rxe6 Qf4 26. Qc3 Ng4 27.
Re2 Qf6 28. Qd3 Nb6 29. Qe4 Qf4 30. Qe6+ Kh8 31. Qxb6 Qc1+ 32. Ne1 Qxc4 33. Qe6
Qxe6 34. Rxe6 Rxf2+ 35. Kg1 Rxb2 36. Re4 Nf6 37. Re7 Nd5 38. Re5 Rd2 39. Ne4
Rd1 40. Kf2 c4 41. Ke2 Ra1 42. Rxd5 Rxa2+ 0-1

[Event "C.to Provinciale BI-VC"]
[Site "Valle Mosso ITA"]
[Date "2012.04.13"]
[Round "5"]
[White "Bardone, Lorenzo"]
[Black "Ubezio, Marco"]
[Result "1/2-1/2"]
[WhiteElo "1845"]
[BlackElo "2132"]
[PlyCount "88"]
[EventDate "2012.03.02"]

1. e4 e5 2. Nf3 Nc6 3. Bb5 Bc5 4. O-O Qf6 5. c3 Nge7 6. Re1 a6 7. Ba4 h6 8. d4
Ba7 9. Be3 O-O 10. dxe5 Nxe5 11. Nxe5 Qxe5 12. Bd4 Bxd4 13. cxd4 Qg5 14. Nc3 d6
15. Qc1 Qxc1 16. Raxc1 c6 17. d5 b5 18. Bb3 c5 19. e5 dxe5 20. Rxe5 Ng6 21. Re3
Bb7 22. a3 Rfe8 23. Rce1 Kf8 24. Rxe8+ Rxe8 25. Rxe8+ Kxe8 26. Ne4 c4 27. Bxc4
bxc4 28. Nd6+ Kd7 29. Nxb7 Nf4 30. Nc5+ Kd6 31. Nxa6 Nd3 32. Kf1 Nxb2 33. Nb4
c3 34. Ke2 Kc5 35. f3 h5 36. h4 g6 37. g4 f6 38. Ke3 Nc4+ 39. Kd3 Nxa3 40. Kxc3
Nb5+ 41. Kb3 Nd4+ 42. Kc3 Nxf3 43. gxh5 gxh5 44. Nd3+ Kxd5 1/2-1/2

[Event "C.to Provinciale BI-VC"]
[Site "Valle Mosso ITA"]
[Date "2012.04.13"]
[Round "5"]
[White "Lavino, Stefano"]
[Black "Santo, Sebastiano"]
[Result "1/2-1/2"]
[WhiteElo "1677"]
[BlackElo "1439"]
[PlyCount "85"]
[EventDate "2012.03.02"]

1. d4 f5 2. g3 Nf6 3. Bg2 g6 4. c4 Bg7 5. Nc3 d6 6. Nf3 c6 7. Qb3 Na6 8. O-O
Rb8 9. Bf4 Qb6 10. c5 Qxb3 11. axb3 Kd7 12. Ra4 b5 13. Raa1 Ra8 14. cxd6 exd6
15. Nh4 Nc7 16. Rfe1 a5 17. Ra2 b4 18. Na4 Ra6 19. e4 Nxe4 20. Bf1 Bxd4 21. Be3
Bxe3 22. Rxe3 Nb5 23. Ra1 Ra7 24. Rd1 Kc7 25. Nf3 g5 26. Nd2 d5 27. f3 Nxd2 28.
Rxd2 Kb8 29. Nc5 f4 30. Re5 fxg3 31. hxg3 Rf7 32. Kg2 Rhf8 33. Bxb5 cxb5 34.
Rexd5 Rxf3 35. Rxg5 R3f5 36. Rxf5 Bxf5 37. Nd7+ Bxd7 38. Rxd7 Rc8 39. Rd2 Kb7
40. Kf3 Rc5 41. Rd7+ Rc7 42. Rd2 Kb6 43. Ke3 1/2-1/2

[Event "C.to Provinciale BI-VC"]
[Site "Valle Mosso ITA"]
[Date "2012.04.13"]
[Round "5"]
[White "Migliorini, Matteo"]
[Black "Avetta, Gianmario"]
[Result "1-0"]
[WhiteElo "1970"]
[BlackElo "1879"]
[PlyCount "91"]
[EventDate "2012.03.02"]

1. e4 d5 2. exd5 Qxd5 3. Nc3 Qa5 4. d4 c6 5. Nf3 Bg4 6. h3 Bh5 7. g4 Bg6 8. Ne5
Nf6 9. h4 Nbd7 10. Nc4 Qc7 11. h5 Be4 12. Nxe4 Nxe4 13. Qf3 Nd6 14. Bf4 f6 15.
O-O-O O-O-O 16. Bd3 e5 17. dxe5 Nxc4 18. Bxc4 Nxe5 19. Be6+ Kb8 20. Bxe5 Rxd1+
21. Rxd1 Qxe5 22. Rd8+ Kc7 23. Rc8+ Kb6 24. Qb3+ Ka5 25. Qe3 Qxe3+ 26. fxe3 g6
27. h6 Kb6 28. c3 Kc5 29. Rd8 a5 30. Kc2 b5 31. Kd3 Kb6 32. Rc8 c5 33. Ke4 Kb7
34. Kd5 Kb6 35. e4 Kb7 36. Bd7 c4 37. Ke6 b4 38. Kf7 Bxh6 39. Rxh8 Bd2 40. Rc8
bxc3 41. bxc3 Bxc3 42. Rxc4 Be5 43. Rc5 h5 44. gxh5 gxh5 45. Rxe5 fxe5 46. Bh3
1-0

[Event "C.to Provinciale BI-VC"]
[Site "Valle Mosso ITA"]
[Date "2012.04.13"]
[Round "5"]
[White "Penna, Tommaso"]
[Black "Sgaggero, Marco"]
[Result "1-0"]
[WhiteElo "1821"]
[BlackElo "1344"]
[PlyCount "121"]
[EventDate "2012.03.02"]

1. d4 d5 2. c4 c6 3. Nc3 Nf6 4. Nf3 e6 5. e3 Bb4 6. Bd3 Nbd7 7. O-O Bxc3 8.
bxc3 O-O 9. Qc2 b6 10. cxd5 cxd5 11. c4 Ba6 12. Ba3 Re8 13. Rac1 h6 14. Qa4 Nb8
15. Ne5 dxc4 16. Bxc4 Bxc4 17. Nxc4 Qd7 18. Nxb6 Qxa4 19. Nxa4 Nbd7 20. Nc5
Rac8 21. Rb1 Nb6 22. Rfc1 Rc7 23. Na6 Rxc1+ 24. Rxc1 Na4 25. Rc7 Rd8 26. Nc5
Nxc5 27. Rxc5 Rb8 28. h3 Ne4 29. Rc2 Rb1+ 30. Kh2 Rf1 31. f3 Nf2 32. Rc1 Rxc1
33. Bxc1 Nd3 34. Bd2 Nb2 35. e4 Nc4 36. Bf4 g5 37. Bc7 Ne3 38. Kg3 Nc4 39. d5
exd5 40. exd5 f5 41. f4 Kf7 42. Be5 Kg6 43. Bd4 a6 44. Bc5 Kf6 45. Bd4+ Kg6 46.
Be5 Nb6 47. d6 Nd7 48. Kf3 Kf7 49. Ke3 Ke6 50. g3 Kd5 51. g4 fxg4 52. hxg4 a5
53. Kd3 Ke6 54. Kd4 a4 55. f5+ Kf7 56. Kd5 Nb6+ 57. Kc6 Nc4 58. Bd4 Na5+ 59.
Kc7 Nb3 60. axb3 axb3 61. d7 1-0

[Event "C.to Provinciale BI-VC"]
[Site "Valle Mosso ITA"]
[Date "2012.04.13"]
[Round "5"]
[White "Robiolio, Giancarlo"]
[Black "Saviano, Sabato"]
[Result "0-1"]
[WhiteElo "1577"]
[BlackElo "1731"]
[PlyCount "62"]
[EventDate "2012.03.02"]

1. c4 e5 2. Nc3 Nf6 3. g3 a6 4. Bg2 Bc5 5. Nf3 d6 6. d4 exd4 7. Nxd4 h6 8. b4
Bxd4 9. Qxd4 O-O 10. O-O Nc6 11. Bxc6 bxc6 12. Rd1 Nh7 13. Ne4 f6 14. h4 f5 15.
Bb2 Qe7 16. Nd2 Nf6 17. e4 fxe4 18. Nxe4 Qxe4 19. Qxe4 Nxe4 20. Re1 d5 21. cxd5
cxd5 22. Be5 Rxf2 23. Rxe4 Rxa2 24. Rxa2 dxe4 25. Bxc7 Bb7 26. Kf2 Rf8+ 27. Ke3
Rf3+ 28. Kd4 Rd3+ 29. Kc5 Rd5+ 30. Kc4 Rd7 31. Bf4 Bd5+ 0-1

[Event "C.to Provinciale BI-VC"]
[Site "Valle Mosso ITA"]
[Date "2012.04.13"]
[Round "5"]
[White "Rocchi, Enrico"]
[Black "Borghi, Dario"]
[Result "1/2-1/2"]
[WhiteElo "1919"]
[BlackElo "1584"]
[PlyCount "76"]
[EventDate "2012.03.02"]

1. e4 e5 2. Bc4 Bc5 3. Nf3 Nc6 4. c3 Nf6 5. d3 h6 6. O-O d6 7. d4 Bb6 8. dxe5
dxe5 9. Qxd8+ Nxd8 10. Nxe5 Nxe4 11. Bd3 Nf6 12. Nd2 O-O 13. Nb3 Re8 14. Nc4
Be6 15. Nxb6 axb6 16. Bf4 c5 17. Bb5 Bd7 18. Bd3 Ne6 19. Bd6 Bc6 20. Bf5 Ng5
21. h4 Nge4 22. Bh2 Bd5 23. Rfe1 g6 24. Bxe4 Rxe4 25. Rxe4 Nxe4 26. Nc1 Nd2 27.
Bf4 Nb3 28. Nxb3 Bxb3 29. Bxh6 Rxa2 30. Rxa2 Bxa2 31. g4 Be6 32. f3 f6 33. Kf2
c4 34. Be3 b5 35. Kg3 Kf7 36. h5 gxh5 37. gxh5 Kg7 38. Bd4 Bg8 1/2-1/2

[Event "C.to Provinciale BI-VC"]
[Site "Valle Mosso ITA"]
[Date "2012.04.13"]
[Round "5"]
[White "Squara, Marco"]
[Black "Tibaldeschi, Attilio"]
[Result "1/2-1/2"]
[WhiteElo "1812"]
[BlackElo "1727"]
[PlyCount "66"]
[EventDate "2012.03.02"]

1. d4 d5 2. c4 e6 3. Nc3 Nf6 4. Bg5 Be7 5. Nf3 c6 6. e3 h6 7. Bh4 Nbd7 8. Rc1
O-O 9. Bd3 dxc4 10. Bxc4 Nb6 11. Bd3 Nbd5 12. O-O a6 13. a3 Bd7 14. Bg3 Rc8 15.
Na4 Nh5 16. Nc5 Nxg3 17. hxg3 Bxc5 18. Rxc5 Be8 19. Qe2 f6 20. Nd2 Bf7 21. Rfc1
Nb6 22. b4 Nd7 23. R5c3 e5 24. dxe5 Nxe5 25. Bf5 Rc7 26. Nf3 g6 27. Nxe5 fxe5
28. Rd1 Qf6 29. Be4 Kg7 30. Rcd3 Bc4 31. Rd7+ Rxd7 32. Rxd7+ Rf7 33. Rxf7+ Qxf7
1/2-1/2